| 000 | 00686nam a22002417a 4500 | ||
|---|---|---|---|
| 005 | 20170124105922.0 | ||
| 010 | _aA-871045 | ||
| 020 | _c64.00 | ||
| 035 | _aA-871045 | ||
| 037 | _bCen Lib/Ret | ||
| 040 |
_aDPL _bEN |
||
| 082 |
_a395 _2GUP |
||
| 100 |
_aGupta, Seema _973022 |
||
| 245 |
_aCorrect etiquettes & manners : _cby Seema Gupta _bfor all occasions / |
||
| 250 | _a3rd ed. | ||
| 260 |
_aNew Delhi _bPustak mahal _c1997 |
||
| 270 |
_a6686 khari baoli _bNew Delhi _e110006 |
||
| 300 |
_a150p. _c21cm(Hb) |
||
| 500 | _a | ||
| 650 |
_aBehavioural science _973023 |
||
| 650 |
_aConversation--managing relationship _973024 |
||
| 942 |
_2ddc _cEN _h395 _mGUP |
||
| 999 |
_c123213 _d123213 |
||